MARC

LEADER 00000nas a2200000 a 4500
001 ssj0002118358
003 WaSeSS
005 20200512172242.0
006 m d
007 cr n
008 810715c19639999hu x m s 0 d0hun c
010 |a sn 85021106  
022 |l 0324-6965  |y 0324-6965 
035 |a (WaSeSS)ssj0002118358 
040 |a IXA  |b eng  |c IXA  |d IUL  |d AIP  |d IUL  |d AIP  |d DLC  |d IUL  |d DLC  |d NST  |d OCLCQ  |d IUL  |d OCLCQ  |d OCLCF  |d OCL  |d OCLCQ  |d CUY  |d WaSeSS 
041 0 |a hun  |b fre  |b rus 
042 |a pcc 
050 4 |a D6  |b .A19 
130 0 |a Acta Universitatis Szegediensis de Attila József Nominatae.  |p Acta historica. 
210 1 |a Acta hist.  |b (Szeged) 
222 0 |a Acta historica  |b (Szeged) 
245 1 0 |a Acta historica  |h [electronic resource]. 
260 |a Szeged :  |b Szegedi József Attila Tudományegyetem Bölcsészettudományi Kar,  |c 1963- 
310 |a Irregular 
362 0 |a T. 12- 
490 1 |3 <-1999>:  |a Acta Universitatis Szegediensis de Attila József Nominatae,  |x 0324-6523 
490 1 |3 <2001->:  |a Acta Universitatis Szegediensis,  |x 0324-6523 
500 |a Some issues have individual title. 
506 |a License restrictions may limit access. 
546 |a Hungarian, with summaries in French and Russian. 
588 |a Latest issue consulted: T. 120 (2005). 
650 0 |a History. 
650 7 |a History.  |2 fast  |0 (OCoLC)fst00958235 
655 0 |a Electronic journals. 
710 2 |a Szegedi Tudományegyetem.  |b Bölcsészettudományi Kar. 
780 0 0 |t Acta Universitatis Szegediensis. Acta historica  |w (DLC)sn 85021105  |w (OCoLC)8499923 
830 0 |a Acta Universitatis Szegediensis de Attila József Nominatae. 
830 0 |a Acta Universitatis Szegediensis. 
850 |a CoU  |a InU  |a NcD 
856 4 0 |z Full text available from Research Library: 01/01/1957 to 12/31/1959  |u https://search.proquest.com/publication/4586597 
856 4 0 |z Full text available from Research Library: 01/01/1961 to 12/31/1969  |u https://search.proquest.com/publication/4586597 
856 4 0 |z Full text available from Research Library: 01/01/1971 to 12/31/1993  |u https://search.proquest.com/publication/4586597 
856 4 0 |z Full text available from Research Library: 01/01/1995 to 12/31/1996  |u https://search.proquest.com/publication/4586597 
856 4 0 |z Full text available from Research Library: 01/01/1998 to 12/31/1999  |u https://search.proquest.com/publication/4586597 
856 4 0 |z Full text available from Research Library: 01/01/2001 to 12/31/2003  |u https://search.proquest.com/publication/4586597 
856 4 0 |z Full text available from Research Library: 01/01/2011 to 12/31/2015  |u https://search.proquest.com/publication/4586597 
856 4 0 |z Full text available from Research Library: 01/01/2017 to 12/31/2018  |u https://search.proquest.com/publication/4586597 
856 4 0 |z Full text available from Research Library: 01/01/2020 to present  |u https://search.proquest.com/publication/4586597